000 00267nam a22000977a 4500
008 240404b |||||||| |||| 00| 0 eng d
020 _a9789383299546
100 _aDICKENS CHARLES
_92531
245 _aA CHRISTMAS CAROL
260 _aNEW DELHI
_bLITTLE SCHOLARZ PVT LTD
_c2022
999 _c12550
_d12550